000
00304nam a2200145Ia 4500
100
_a
Attenborough/ David
650
_a
General
942
_c
RB
654
_a
Life on earth
245
_a
Life on earth
260
_b
Reading digest
_a
London
_c
1981
082
_a
590
300
_a
368
546
_a
ENGLISH
999
_c
30491
_d
30491